NCAA Institutions in Vermont - Statistics

General Stats
  • This quiz has been taken 9 times
  • The average score is 2 of 7
Answer Stats
Conference School Team Name % Correct
Division I America East Vermont Catamounts
100%
Division III NESCAC Middlebury Panthers
40%
Division II Northeast-10 Saint Michael's Purple Knights
40%
Division III North Atlantic Vermont State-Lyndon Hornets
20%
Division III Great Northeast Norwich Cadets
0%
Division III Little East Vermont State-Castleton Spartans
0%
Division III North Atlantic Vermont State-Johnson Badgers
0%
No matching quizzes found
Score Distribution
Percent of People with Each Score
Percentile by Number Answered
Your Score History
You have not taken this quiz